000 00632nam a2200253Ia 4500
003 OSt
005 20220918163447.0
006 a|||||r|||| 00| 0
007 ta
008 220917b |||||||| |||| 00| 0 eng d
020 _a002397205
024 _a246,937
037 _cTextual
040 _aARTS
_cARTS
_beng
041 _2eng
_aeng
082 _aX:8K, L6
100 _aBierman Harold
_913251
245 0 _aManagerial cost accounting
250 _a2nd
260 _aNew York
_bMacmillan Pub USA
_c1976
300 _a573p.
_ccm.
942 _hX:8K, L6
_cTEXL
_2CC
999 _c119702
_d119702